Vista normal Vista MARC

Entrada Topical Term

Número de registros utilizados en: 9

001 - CONTROL NUMBER

  • control field: 8719

003 - CONTROL NUMBER IDENTIFIER

  • control field: OSt

005 - DATE AND TIME OF LATEST TRANSACTION

  • control field: 20200813122712.0

008 - FIXED-LENGTH DATA ELEMENTS

  • fixed length control field: 200813|| aca||aabn | a|a d

040 ## - CATALOGING SOURCE

  • Original cataloging agency: OSt
  • Transcribing agency: OSt

150 ## - HEADING--TOPICAL TERM

  • Topical term or geographic name entry element: Política energética

670 ## - SOURCE DATA FOUND

  • Source citation: Work cat.: (OSt)5395: Mena Ramírez, Miguel Humberto, autor 8717, Aspectos jurídicos y técnicos para la construcción de la compañía reaseguradora S.A. Empresa Multinacional Andina /, 1990.